Влияние скорости охлаждения на микроструктуру 3D-напечатанных образцов из титанового сплава Ti-6Al-4V; Междисциплинарные проблемы аддитивных технологий

Bibliographic Details
Parent link:Междисциплинарные проблемы аддитивных технологий.— 2019.— [С. 65]
Corporate Author: Национальный исследовательский Томский политехнический университет Инженерная школа ядерных технологий Отделение экспериментальной физики
Other Authors: Панин А. В. Алексей Викторович, Казаченок М. С. Марина Сергеевна, Перевалова О. Б., Мартынов С. А. Сергей Андреевич
Summary:Заглавие с экрана
Language:Russian
Published: 2019
Subjects:
Online Access:http://earchive.tpu.ru/handle/11683/57688
Format: Electronic Book Chapter
KOHA link:https://koha.lib.tpu.ru/cgi-bin/koha/opac-detail.pl?biblionumber=630845

MARC

LEADER 00000naa2a2200000 4500
001 630845
005 20231220140625.0
035 |a (RuTPU)RU\TPU\conf\32395 
035 |a RU\TPU\conf\32393 
090 |a 630845 
100 |a 20200128d2019 k y0rusy50 ca 
101 0 |a rus 
102 |a RU 
105 |a y z 101zy 
135 |a drgn ---uucaa 
181 0 |a i  
182 0 |a b 
200 1 |a Влияние скорости охлаждения на микроструктуру 3D-напечатанных образцов из титанового сплава Ti-6Al-4V  |f А. В. Панин [и др.] 
203 |a Текст  |c электронный 
300 |a Заглавие с экрана 
463 0 |0 (RuTPU)RU\TPU\conf\32381  |t Междисциплинарные проблемы аддитивных технологий  |o сборник тезисов V Всероссийского научного семинара, 5-6 декабря 2019, Томск  |f Национальный исследовательский Томский политехнический университет (ТПУ) ; под ред. А. Г. Князевой  |v [С. 65]  |d 2019 
610 1 |a электронный ресурс 
610 1 |a труды учёных ТПУ 
610 1 |a скорость 
610 1 |a охлаждение 
610 1 |a микроструктуры 
610 1 |a 3D-печать 
610 1 |a аддитивные технологии 
610 1 |a металлические изделия 
610 1 |a титановые сплавы 
610 1 |a фазовый состав 
610 1 |a макродеформация 
701 1 |a Панин  |b А. В.  |c физик  |c профессор Томского политехнического университета, доктор физико-математических наук  |f 1971-  |g Алексей Викторович  |3 (RuTPU)RU\TPU\pers\31424  |9 15588 
701 1 |a Казаченок  |b М. С.  |c физик  |c старший научный сотрудник Томского политехнического университета, кандидат наук  |f 1978-  |g Марина Сергеевна  |3 (RuTPU)RU\TPU\pers\31542 
701 1 |a Перевалова  |b О. Б. 
701 1 |a Мартынов  |b С. А.  |c специалист в области материаловедения  |c инженер Томского политехнического университета  |f 1988-  |g Сергей Андреевич  |3 (RuTPU)RU\TPU\pers\34972 
712 0 2 |a Национальный исследовательский Томский политехнический университет  |b Инженерная школа ядерных технологий  |b Отделение экспериментальной физики  |3 (RuTPU)RU\TPU\col\23549 
801 2 |a RU  |b 63413507  |c 20200130  |g RCR 
856 4 |u http://earchive.tpu.ru/handle/11683/57688 
942 |c BK